[Event "Moscow Open 2009 A"]
[Site ""]
[Date "2009.02.02"]
[Round "3.120"]
[White "Kim, Timur"]
[Black "Egorov, Dmitry"]
[Result "0-1"]
[WhiteElo "2010"]
[BlackElo "2346"]
[Annotator ""]
[Source ""]
[Remark ""]

1.e4 c6 2.d4 d5 3.Nc3 dxe4 4.Nxe4 Nf6 5.Nxf6+ exf6 6.Nf3 Bd6
7.Be2 O-O 8.O-O Re8 9.Re1 Nd7 10.Bf1 Rxe1 11.Qxe1 Nf8 12.h3 Bf5
13.c4 Qd7 14.Qc3 Re8 15.Be3 Ng6 16.Re1 Bb8 17.Bc1 Rd8 18.a3 a6
19.h4 Bg4 20.Bd3 Bxf3 21.gxf3 0-1

[Event "Moscow Open 2009 A"]
[Site ""]
[Date "2009.02.02"]
[Round "3.121"]
[White "Zhidkov, Valery S"]
[Black "Markevich, Arseniy"]
[Result "1-0"]
[WhiteElo "2341"]
[BlackElo "2116"]
[Annotator ""]
[Source ""]
[Remark ""]

1.d4 Nf6 2.Nf3 d5 3.c4 c6 4.Nc3 dxc4 5.a4 Bg4 6.e3 e5 7.Bxc4
Bxf3 8.Qxf3 exd4 9.exd4 Be7 10.O-O O-O 11.Rd1 Nbd7 12.a5 a6 13.Bf4
Bb4 14.d5 Bxa5 15.dxc6 bxc6 16.Qxc6 Bxc3 17.bxc3 Rc8 18.Qxa6
Qb6 19.Bd6 1-0

[Event "Moscow Open 2009 A"]
[Site ""]
[Date "2009.02.02"]
[Round "3.123"]
[White "Oganisjn, Roman"]
[Black "Kanygin, Nikolai N"]
[Result "1/2-1/2"]
[WhiteElo "2321"]
[BlackElo "2106"]
[Annotator ""]
[Source ""]
[Remark ""]

1.d4 Nf6 2.c4 e6 3.Nf3 Bb4+ 4.Nc3 Ne4 5.Qc2 f5 6.g4 b6 7.gxf5
exf5 8.Rg1 Qe7 9.Bf4 Bxc3+ 10.bxc3 d6 11.e3 Nd7 12.O-O-O Ndf6
13.Ne1 Nh5 14.Bd3 Bb7 15.Kb2 O-O-O 16.Bf1 g6 1/2-1/2

[Event "Moscow Open 2009 A"]
[Site ""]
[Date "2009.02.02"]
[Round "3.124"]
[White "Shurunov, Arseny"]
[Black "Skvortsov, Mikhail S"]
[Result "1-0"]
[WhiteElo "2105"]
[BlackElo "2373"]
[Annotator ""]
[Source ""]
[Remark ""]

1.e4 e6 2.d4 d5 3.Nd2 dxe4 4.Nxe4 Nd7 5.Nf3 Ngf6 6.Bd3 Be7 7.O-O
O-O 8.Qe2 b6 9.Nxf6+ Nxf6 10.Bg5 Bb7 11.Rad1 h6 12.Bh4 Nh5 13.Bg3
Nxg3 14.hxg3 Bf6 15.c3 Qd5 16.c4 Qh5 17.Be4 Bxe4 18.Qxe4 c5 19.g4
Qg6 20.Qxg6 fxg6 21.Rfe1 cxd4 22.Rxe6 Rad8 23.Rd3 Rd7 24.Kf1
Rc8 25.b3 Kf7 26.Re4 Re8 27.Rxe8 Kxe8 28.Nd2 Re7 29.f3 Kd7 30.Ne4
Be5 31.Ke2 Kc6 32.Rd1 a5 33.Kd3 Bf4 34.a3 Be3 35.Ra1 Rd7 36.Ra2
h5 37.gxh5 gxh5 38.Ng3 g6 39.Ne2 Re7 40.b4 axb4 41.axb4 g5 42.Ra8
h4 43.Rc8+ Kb7 44.Rf8 h3 45.gxh3 1-0

[Event "Moscow Open 2009 A"]
[Site ""]
[Date "2009.02.02"]
[Round "3.125"]
[White "Davydov, Sergey P"]
[Black "Gnydka, Yaroslav"]
[Result "1-0"]
[WhiteElo "2342"]
[BlackElo "2098"]
[Annotator ""]
[Source ""]
[Remark ""]

1.d4 Nf6 2.c4 e6 3.g3 d5 4.Nf3 c6 5.Qc2 Nbd7 6.Nbd2 Bb4 7.a3
Be7 8.Bg2 b6 9.O-O Bb7 10.b3 Rc8 11.Bb2 dxc4 12.bxc4 c5 13.d5
exd5 14.Nh4 O-O 15.Nf5 Re8 16.cxd5 Bf8 17.e4 c4 18.Bc3 Nc5 19.Rfd1
b5 20.d6 Nfd7 21.Rab1 a6 22.f4 g6 23.Ne7+ Bxe7 24.dxe7 Qxe7 25.e5
Bxg2 26.Kxg2 Qe6 27.Ne4 Nd3 28.Qe2 N7c5 29.Qe3 Red8 30.Rf1 1-0

[Event "Moscow Open 2009 A"]
[Site ""]
[Date "2009.02.02"]
[Round "3.126"]
[White "Mukashev, Assan"]
[Black "Bogachkov, Igor"]
[Result "1/2-1/2"]
[WhiteElo "2071"]
[BlackElo "2324"]
[Annotator ""]
[Source ""]
[Remark ""]

1.d4 g6 2.c4 Bg7 3.Nc3 d6 4.e4 e5 5.dxe5 dxe5 6.Qxd8+ Kxd8 7.Be3
Nd7 8.c5 c6 9.Nf3 Bh6 10.O-O-O Ke7 11.b4 Bxe3+ 12.fxe3 Ngf6 13.Bc4
Ne8 14.Rhf1 f6 15.Nd2 Nf8 16.Nb3 Be6 17.Bxe6 Nxe6 18.Na5 Rb8
19.b5 Rc8 20.Nxb7 cxb5 21.Nd5+ Kf7 22.Kb1 Nxc5 23.Nxc5 Rxc5 24.Nxf6
Nxf6 25.Rd6 Rc4 26.Rdxf6+ 1/2-1/2

[Event "Moscow Open 2009 A"]
[Site ""]
[Date "2009.02.02"]
[Round "3.127"]
[White "Jakovlev, Alexander"]
[Black "Mikheev, Stanislav"]
[Result "0-1"]
[WhiteElo "1957"]
[BlackElo "2321"]
[Annotator ""]
[Source ""]
[Remark ""]

1.Nc3 d5 2.d4 Nf6 3.g3 g6 4.Bg2 Bg7 5.e3 O-O 6.Nge2 Bf5 7.O-O
c6 8.f3 h5 9.h3 Qc7 10.e4 dxe4 11.fxe4 Be6 12.Bf4 Qa5 13.Qd2
Kh7 14.a3 Nbd7 15.b4 Qa6 16.d5 cxd5 17.exd5 Bf5 18.Nd4 e6 19.Nxf5
exf5 20.b5 Qa5 21.Bd6 Qb6+ 22.Kh2 Qxd6 0-1

[Event "Moscow Open 2009 A"]
[Site ""]
[Date "2009.02.02"]
[Round "3.128"]
[White "Losev, Dmitry"]
[Black "Mingaleev, Ildar"]
[Result "1-0"]
[WhiteElo "2313"]
[BlackElo "2009"]
[Annotator ""]
[Source ""]
[Remark ""]

1.e4 c5 2.Nf3 Nc6 3.b3 e6 4.Bb2 d5 5.exd5 exd5 6.Bb5 Bd7 7.O-O
Qc7 8.Re1+ Nge7 9.Ne5 Be6 10.Qf3 a6 11.Bd3 Nb4 12.Nc3 Nxd3 13.Nxd3
O-O-O 14.Nf4 Qc6 15.Nxe6 fxe6 16.Qf7 d4 17.Rxe6 Rd6 18.Rxd6 Qxd6
19.Ne4 Qe5 20.Re1 Kb8 21.Qe8+ Ka7 22.Ba3 1-0

[Event "Moscow Open 2009 A"]
[Site ""]
[Date "2009.02.02"]
[Round "3.129"]
[White "Prokopchuk, Yury"]
[Black "Gorin, Alexandr"]
[Result "1/2-1/2"]
[WhiteElo "2310"]
[BlackElo "2004"]
[Annotator ""]
[Source ""]
[Remark ""]

1.d4 d5 2.Nf3 Nf6 3.c4 e6 4.g3 Be7 5.Bg2 O-O 6.O-O Ne4 7.Nbd2
Nxd2 8.Nxd2 c6 9.e4 Nd7 10.b3 Rb8 11.Bb2 dxe4 12.Nxe4 f5 13.Nd2
Bf6 14.f4 Qc7 15.Nf3 Rd8 16.Qe2 Nf8 17.Rfd1 Bd7 18.Ne5 Be8 19.Rd2
g5 20.Rad1 gxf4 21.gxf4 Qg7 22.Rd3 Ng6 23.Nxg6 hxg6 24.Qxe6+
Bf7 25.Qe2 b5 26.cxb5 cxb5 1/2-1/2

[Event "Moscow Open 2009 A"]
[Site ""]
[Date "2009.02.02"]
[Round "3.130"]
[White "Morozov, Grigoriy"]
[Black "Lyubokhiner, Leonid M"]
[Result "1-0"]
[WhiteElo "2306"]
[BlackElo "1792"]
[Annotator ""]
[Source ""]
[Remark ""]

1.d4 Nf6 2.c4 e6 3.Nf3 Bb4+ 4.Bd2 Bxd2+ 5.Nbxd2 d5 6.e3 O-O 7.Bd3
Re8 8.O-O Nc6 9.Ne5 Nb4 10.Bb1 c6 11.a3 Na6 12.c5 Rf8 13.Bd3
Nc7 14.f4 g6 15.g4 Nd7 16.Ndf3 f6 17.Nxd7 Bxd7 18.g5 e5 19.dxe5
Ne6 20.gxf6 Nxc5 21.Bc2 Bg4 22.Qe1 Bxf3 23.Rxf3 Ne4 24.Bxe4 dxe4
25.Rd1 Qb6 26.Rf2 Rad8 27.Rfd2 Rd5 28.Kf2 Qd8 29.Rxd5 cxd5 30.Qd2
Kf7 31.Qxd5+ Qxd5 32.Rxd5 Ke6 33.Rd6+ Kf5 34.Rd7 Kg4 35.Rxh7 1-0

[Event "Moscow Open 2009 A"]
[Site ""]
[Date "2009.02.02"]
[Round "3.131"]
[White "Stoletov, Gennadi"]
[Black "Kapustin, Nikolay"]
[Result "1-0"]
[WhiteElo "2306"]
[BlackElo "1678"]
[Annotator ""]
[Source ""]
[Remark ""]

1.e4 e6 2.d3 c5 3.Nd2 Nc6 4.g3 Nf6 5.Bg2 Be7 6.Ngf3 d5 7.O-O
O-O 8.Qe2 Re8 9.e5 Nd7 10.c3 b6 11.c4 d4 12.Ne4 Rb8 13.Bf4 Nf8
14.g4 Ng6 15.Bg3 Bd7 16.Rfe1 Na5 17.Qd2 h6 18.g5 hxg5 19.Nfxg5
Bxg5 20.Nxg5 Bc6 21.h4 Bxg2 22.Kxg2 Nc6 23.h5 Nf8 24.Qf4 Qd7
25.Ne4 Ne7 26.Qg4 Nh7 27.Nf6+ Nxf6 28.exf6 Nf5 29.Re5 g6 30.hxg6
fxg6 31.Qxg6+ Kf8 32.Rh1 Qb7+ 33.f3 Ne7 34.Qg7# 1-0

[Event "Moscow Open 2009 A"]
[Site ""]
[Date "2009.02.02"]
[Round "3.133"]
[White "Bobylev, Valentin"]
[Black "Terekhov, Konstantin"]
[Result "0-1"]
[WhiteElo "2186"]
[BlackElo "2228"]
[Annotator ""]
[Source ""]
[Remark ""]

1.d4 Nf6 2.Nf3 g6 3.Bf4 Bg7 4.e3 O-O 5.h3 d6 6.Nbd2 Nfd7 7.Bd3
e5 8.Bg5 Qe8 9.O-O Nc6 10.Re1 f5 11.Bc4+ Kh8 12.Kh1 Nb6 13.Bf1
Qf7 14.a4 h6 15.a5 Nd7 16.d5 Nb4 17.Bh4 g5 18.Bxg5 hxg5 19.Nxg5
Qg6 0-1

[Event "Moscow Open 2009 A"]
[Site ""]
[Date "2009.02.03"]
[Round "4.25"]
[White "Danin, Alexandre"]
[Black "Guseinov, Gadir"]
[Result "1/2-1/2"]
[WhiteElo "2465"]
[BlackElo "2661"]
[Annotator ""]
[Source ""]
[Remark ""]

1.e4 c5 2.Nf3 d6 3.d4 cxd4 4.Nxd4 Nf6 5.Nc3 g6 6.Be3 Bg7 7.f3
Nc6 8.Qd2 O-O 9.O-O-O d5 10.exd5 Nxd5 11.Nxc6 bxc6 12.Nxd5 cxd5
13.Qxd5 Qc7 14.Qc5 Qb7 15.Qa3 Bf5 16.Bd3 Rab8 17.b3 Qc6 18.Bxf5
Qc3 19.Qc5 Qb2+ 20.Kd2 gxf5 21.Ke2 Rbc8 22.Qxf5 e6 23.Qd3 Rc3
24.Qd7 Rxc2+ 25.Rd2 Qxa2 26.Qd3 Rxd2+ 27.Bxd2 Rb8 28.Rc1 Bf6
29.Rc7 Rd8 30.Rd7 Rxd7 31.Qxd7 1/2-1/2

[Event "Moscow Open 2009 A"]
[Site ""]
[Date "2009.02.03"]
[Round "4.26"]
[White "Belov, Igor"]
[Black "Zhang, Zhong"]
[Result "1-0"]
[WhiteElo "2460"]
[BlackElo "2656"]
[Annotator ""]
[Source ""]
[Remark ""]

1.Nf3 f5 2.g3 Nf6 3.Bg2 g6 4.O-O Bg7 5.d4 O-O 6.Nbd2 d6 7.c3
Nc6 8.b4 a6 9.Qb3+ e6 10.Bb2 Qe7 11.a4 Kh8 12.b5 Nd8 13.c4 Nf7
14.Rfe1 g5 15.e4 g4 16.exf5 gxf3 17.Nxf3 e5 18.dxe5 dxe5 19.Nxe5
Nxe5 20.Rxe5 Qf7 21.Rae1 axb5 22.axb5 Bd7 23.h3 c6 24.Re7 Rae8
25.Qb4 c5 26.Qxc5 Qh5 27.g4 Qh4 28.Rxe8 Bxe8 29.Re6 Nd7 30.Bxg7+
Kxg7 31.Qd4+ Nf6 32.f4 h6 33.Re7+ Bf7 34.Qd2 1-0

[Event "Moscow Open 2009 A"]
[Site ""]
[Date "2009.02.03"]
[Round "4.27"]
[White "Grachev, Boris"]
[Black "Ipatov, Alexander"]
[Result "1/2-1/2"]
[WhiteElo "2655"]
[BlackElo "2493"]
[Annotator ""]
[Source ""]
[Remark ""]

1.Nf3 Nf6 2.c4 g6 3.Nc3 d5 4.cxd5 Nxd5 5.Qa4+ Bd7 6.Qb3 Nb6 7.d4
Bg7 8.Bf4 Be6 9.Qc2 Nc6 10.Rd1 O-O 11.e3 Nb4 12.Qb1 Bf5 13.e4
Bg4 14.d5 f5 15.Be2 fxe4 16.Qxe4 Nc2+ 17.Qxc2 Rxf4 18.O-O Qd7
19.Ne1 Raf8 20.Bxg4 Qxg4 21.Nd3 Rc4 22.Qb3 a5 23.Qa3 a4 24.h3
Qd7 25.Nc5 Qd6 26.N3e4 Qe5 27.Nd2 Rc2 28.Nxa4 Nxa4 29.Qxa4 Qxb2
30.Ne4 Qxa2 31.Qd7 Qa8 32.Qe6+ Kh8 33.Rc1 Rxc1 34.Rxc1 Qa5 35.Rb1
b6 1/2-1/2

[Event "Moscow Open 2009 A"]
[Site ""]
[Date "2009.02.03"]
[Round "4.28"]
[White "Petrushin, Alexander I"]
[Black "Savchenko, Boris"]
[Result "0-1"]
[WhiteElo "2455"]
[BlackElo "2654"]
[Annotator ""]
[Source ""]
[Remark ""]

1.e4 c5 2.Nf3 d6 3.d4 cxd4 4.Nxd4 Nf6 5.Nc3 Nc6 6.Bg5 e6 7.Qd2
a6 8.O-O-O Be7 9.Bxf6 gxf6 10.f4 Nxd4 11.Qxd4 b5 12.Qe3 Bb7 13.Bd3
Rc8 14.Kb1 h5 15.Rhe1 Qc7 16.Ne2 Bd8 17.Qh3 Qc5 18.g4 Ke7 19.Rg1
Bb6 20.g5 h4 21.gxf6+ Kxf6 22.Rdf1 Qe3 23.Qg2 Ke7 24.Qg5+ Kd7
25.Qf6 Bxe4 26.Qxf7+ Kc6 27.Bxe4+ Qxe4 28.Nc3 Qc4 29.Rh1 Bd4
30.Rf3 Rhf8 31.Qh7 Kb6 32.Rd1 Rc6 33.Qxh4 d5 34.Qe1 Rf6 35.Rfd3
Kb7 36.a3 b4 37.axb4 Qxb4 38.Qd2 0-1

[Event "Moscow Open 2009 A"]
[Site ""]
[Date "2009.02.03"]
[Round "4.29"]
[White "Lastin, Alexander"]
[Black "Gavrilov, Alexei"]
[Result "1-0"]
[WhiteElo "2643"]
[BlackElo "2481"]
[Annotator ""]
[Source ""]
[Remark ""]

1.e4 e5 2.Nf3 Nc6 3.Bb5 a6 4.Ba4 Nf6 5.O-O Be7 6.Re1 b5 7.Bb3
d6 8.c3 O-O 9.h3 Re8 10.d4 Bb7 11.Nbd2 Bf8 12.d5 Nb8 13.Nf1 Nbd7
14.N3h2 h6 15.Ng3 c6 16.dxc6 Bxc6 17.Ng4 Nxg4 18.hxg4 Nc5 19.Bd5
Bxd5 20.Qxd5 g6 21.Nf1 1-0

[Event "Moscow Open 2009 A"]
[Site ""]
[Date "2009.02.03"]
[Round "4.30"]
[White "Ziatdinov, Raset"]
[Black "Aleksandrov, Aleksej"]
[Result "0-1"]
[WhiteElo "2440"]
[BlackElo "2636"]
[Annotator ""]
[Source ""]
[Remark ""]

1.e4 e5 2.Nf3 Nc6 3.Bb5 a6 4.Ba4 Nf6 5.O-O Be7 6.Re1 b5 7.Bb3
d6 8.c3 O-O 9.d4 Bg4 10.Be3 Bh5 11.Nbd2 Na5 12.Bc2 Ng4 13.b4
Nxe3 14.Rxe3 exd4 15.cxd4 Nc6 16.Qb1 Bg6 17.d5 Ne5 18.Nxe5 dxe5
19.Rc3 Bd6 20.Bd3 Qg5 21.Nf3 0-1

[Event "Moscow Open 2009 A"]
[Site ""]
[Date "2009.02.03"]
[Round "4.31"]
[White "Zvjaginsev, Vadim"]
[Black "Petrosian, Davit G"]
[Result "1-0"]
[WhiteElo "2636"]
[BlackElo "2477"]
[Annotator ""]
[Source ""]
[Remark ""]

1.e4 e6 2.Qe2 Be7 3.f4 d5 4.d3 dxe4 5.dxe4 b6 6.Nf3 Nf6 7.e5
Ng4 8.Ng5 Bxg5 9.Qxg4 Bh4+ 10.g3 Qd5 11.Rg1 Qe4+ 12.Qe2 Qxe2+
13.Bxe2 Be7 14.Bf3 c6 15.Be3 Bb7 16.Nc3 Kd8 17.Kf2 Kc7 18.Rad1
Na6 19.a3 Rad8 20.h4 c5 21.Be2 Kb8 22.f5 Nc7 23.Bf4 Bc6 24.Bh5
g6 25.fxg6 fxg6 26.Bf3 Kb7 27.Ne4 Rhf8 28.c4 Rxd1 29.Rxd1 Bxh4
30.Nd6+ Kb8 31.Bxc6 Rxf4+ 32.Bf3 g5 1-0

[Event "Moscow Open 2009 A"]
[Site ""]
[Date "2009.02.03"]
[Round "4.32"]
[White "Appolonov, Sergey"]
[Black "Kobalia, Mikhail"]
[Result "1/2-1/2"]
[WhiteElo "2427"]
[BlackElo "2634"]
[Annotator ""]
[Source ""]
[Remark ""]

1.d4 d5 2.c4 c6 3.Nc3 Nf6 4.Nf3 a6 5.c5 Nbd7 6.Bf4 Nh5 7.Bd2
Nhf6 8.Bf4 Nh5 9.Bd2 g6 10.e4 dxe4 11.Nxe4 Bg7 12.Bc4 O-O 13.O-O
Nhf6 14.Nc3 b5 15.Bb3 b4 16.Na4 a5 17.Re1 e6 18.Bf4 Ba6 19.Qd2
Qc8 20.Ne5 Qb7 21.Nc4 Bxc4 22.Bxc4 Rab8 23.Bg3 Rfe8 24.Rad1 Nd5
25.Re4 N5f6 26.Ree1 Rbd8 27.Qe2 h6 28.Bh4 1/2-1/2

[Event "Moscow Open 2009 A"]
[Site ""]
[Date "2009.02.03"]
[Round "4.33"]
[White "Potapov, Pavel"]
[Black "Kazhgaleyev, Murtas"]
[Result "1/2-1/2"]
[WhiteElo "2414"]
[BlackElo "2630"]
[Annotator ""]
[Source ""]
[Remark ""]

1.e4 c5 2.c3 Nf6 3.e5 Nd5 4.Nf3 Nc6 5.d4 cxd4 6.cxd4 g6 7.Qb3
e6 8.Nc3 Nxc3 9.bxc3 b6 10.Be2 Bb7 11.Bg5 Be7 12.Bxe7 Qxe7 13.O-O
O-O 14.Rac1 d6 15.Qa3 dxe5 16.Qxe7 Nxe7 17.Nxe5 Rac8 18.Rfd1
Rc7 19.a4 f6 20.Ng4 Bc6 21.Ra1 Bb7 22.Rac1 Kf7 23.Ne3 Rd8 24.f3
Nc6 25.Bc4 Na5 26.Ba2 Rcd7 27.Re1 Bc6 28.Ra1 Rc7 29.Kf2 Rd6 30.Rec1
f5 31.Nc4 Nxc4 32.Bxc4 Bb7 33.Be2 Rd5 34.f4 Ra5 35.Ra3 Kf6 36.g3
h6 37.c4 b5 38.c5 b4 39.Raa1 b3 40.Rc4 Bc6 41.Bf3 b2 42.Rb1 Bxa4
43.Rxb2 Bb5 44.Rcc2 g5 45.Ra2 Rxa2 46.Rxa2 a6 1/2-1/2

[Event "Moscow Open 2009 A"]
[Site ""]
[Date "2009.02.03"]
[Round "4.34"]
[White "Kachko, Alexander"]
[Black "Li, Chao B"]
[Result "0-1"]
[WhiteElo "2401"]
[BlackElo "2628"]
[Annotator ""]
[Source ""]
[Remark ""]

1.e4 c5 2.Nc3 Nc6 3.g3 g6 4.Bg2 Bg7 5.d3 d6 6.Be3 Rb8 7.Qd2 b5
8.Nge2 Nd4 9.O-O e6 10.Nd1 b4 11.Nc1 Ne7 12.c3 bxc3 13.bxc3 Ndc6
14.Bh6 O-O 15.Bxg7 Kxg7 16.Ne3 f5 17.Ne2 Qd7 18.Rfd1 Ba6 19.d4
Bxe2 20.Qxe2 cxd4 21.cxd4 f4 22.gxf4 Rxf4 23.d5 exd5 24.Nxd5
Nxd5 25.Rxd5 Ne5 26.Rad1 Qg4 27.Qxg4 Nxg4 28.R5d2 Rbf8 29.f3
Ne3 30.Rc1 Nxg2 31.Rc7+ Kh6 32.Kxg2 Rxf3 33.Rxa7 R3f4 34.Rd7
Rg4+ 35.Kh3 Rg5 36.R7xd6 Rf3+ 37.Kh4 Rf4+ 0-1

[Event "Moscow Open 2009 A"]
[Site ""]
[Date "2009.02.03"]
[Round "4.35"]
[White "Paveliev, Alexey"]
[Black "Belov, Vladimir"]
[Result "0-1"]
[WhiteElo "2396"]
[BlackElo "2627"]
[Annotator ""]
[Source ""]
[Remark ""]

1.e4 c6 2.d4 d5 3.Nc3 dxe4 4.Nxe4 Bf5 5.Ng3 Bg6 6.N1e2 e6 7.Nf4
Qh4 8.Be3 Bd6 9.Qd2 Qe7 10.h4 Bxf4 11.Bxf4 h6 12.h5 Bh7 13.Be2
Nf6 14.c4 Nbd7 15.O-O O-O 16.Rfe1 Rfd8 17.Bf3 Nb6 18.c5 Nc8 19.b4
Nd5 20.a4 Qh4 21.Be5 f6 22.Bxd5 Rxd5 23.Bc7 e5 24.Qa2 e4 25.b5
Ne7 26.bxc6 bxc6 27.f3 exf3 28.Rxe7 Qxd4+ 29.Kh2 f2 30.Kh3 Bd3
31.Ne2 Qxc5 0-1

[Event "Moscow Open 2009 A"]
[Site ""]
[Date "2009.02.03"]
[Round "4.36"]
[White "Volkov, Sergey"]
[Black "Grishchenko, Sergey"]
[Result "1-0"]
[WhiteElo "2627"]
[BlackElo "2423"]
[Annotator ""]
[Source ""]
[Remark ""]

1.d4 d5 2.c4 dxc4 3.e4 c5 4.d5 Nf6 5.Nc3 b5 6.Bf4 Ba6 7.e5 b4
8.exf6 bxc3 9.bxc3 gxf6 10.g3 Qa5 11.Ne2 Nd7 12.Bg2 Rd8 13.O-O
Bg7 14.Qc2 O-O 15.Be4 f5 16.Bxf5 Nf6 17.Be5 Rxd5 18.Bxf6 Bxf6
19.Bxh7+ Kg7 20.Nf4 Rg5 21.h4 Re5 22.Be4 Rh8 23.Rfe1 e6 24.Rad1
Rd8 25.Rxd8 Qxd8 26.Rd1 Qe7 27.Qe2 Kf8 28.Qf3 Rxe4 29.Qxe4 Bb7
30.Qe3 1-0

[Event "Moscow Open 2009 A"]
[Site ""]
[Date "2009.02.03"]
[Round "4.37"]
[White "Lysyj, Igor"]
[Black "Sek, Konstantin"]
[Result "1-0"]
[WhiteElo "2620"]
[BlackElo "2417"]
[Annotator ""]
[Source ""]
[Remark ""]

1.d4 Nf6 2.c4 c5 3.d5 e6 4.Nc3 exd5 5.cxd5 d6 6.Nf3 g6 7.h3 Bg7
8.Bg5 O-O 9.e3 b6 10.Nd2 Ba6 11.Bc4 Bb7 12.Nde4 Qe7 13.Bb5 h6
14.Nxf6+ Bxf6 15.Bxh6 Rd8 16.Be2 Bxc3+ 17.bxc3 Qf6 18.h4 Qxc3+
19.Kf1 Bxd5 20.h5 Be6 21.hxg6 fxg6 22.Bg5 Nc6 23.Rc1 Qe5 24.Bxd8
Rxd8 25.Qa4 Rf8 26.Qh4 Qg7 27.Qg3 Ne7 28.Rd1 Nf5 29.Qg5 d5 30.Kg1
d4 31.g4 Ne7 32.exd4 cxd4 33.Bd3 Nd5 34.Bxg6 Nc3 35.Re1 1-0

[Event "Moscow Open 2009 A"]
[Site ""]
[Date "2009.02.03"]
[Round "4.38"]
[White "Sakaev, Konstantin"]
[Black "Lavrik, Dmitry"]
[Result "1-0"]
[WhiteElo "2619"]
[BlackElo "2414"]
[Annotator ""]
[Source ""]
[Remark ""]

1.d4 d5 2.Nf3 Nf6 3.c4 c6 4.e3 a6 5.Nc3 b5 6.b3 Bg4 7.Bd2 e6
8.h3 Bxf3 9.Qxf3 Nbd7 10.Bd3 Bb4 11.O-O Qe7 12.cxd5 cxd5 13.a4
bxa4 14.Rxa4 a5 15.Nxd5 exd5 16.Bxb4 Qd8 17.Rfa1 Qb6 18.Qd1 Rb8
19.Bxa5 Qxb3 20.Bc2 Qb7 21.Rb1 Qc8 22.Rxb8 Qxb8 23.Bb4 1-0

[Event "Moscow Open 2009 A"]
[Site ""]
[Date "2009.02.03"]
[Round "4.39"]
[White "Vaganian, Rafael A"]
[Black "Novichkov, Valery"]
[Result "1-0"]
[WhiteElo "2596"]
[BlackElo "2400"]
[Annotator ""]
[Source ""]
[Remark ""]

1.Nf3 Nf6 2.d4 e6 3.e3 b6 4.Bd3 Bb7 5.O-O Be7 6.c4 d6 7.Nc3 Nbd7
8.e4 e5 9.d5 O-O 10.Bd2 g6 11.b4 Nh5 12.g3 f5 13.Bh6 Ng7 14.h4
Bc8 15.Ng5 Nf6 16.Ne6 Bxe6 17.dxe6 f4 18.Be2 Nxe6 19.Bxf8 Bxf8
20.Bg4 Nxg4 21.Qxg4 Qf6 22.h5 Qf7 23.hxg6 hxg6 24.Kg2 Bg7 25.Ne2
Rf8 26.Ng1 Nd4 27.Nf3 Nxf3 28.Qxf3 Qxc4 29.Qb3 Qf7 30.Rac1 Kh7
31.Rh1+ Bh6 32.Qxf7+ Rxf7 33.gxf4 exf4 34.Kf3 1-0

[Event "Moscow Open 2009 A"]
[Site ""]
[Date "2009.02.03"]
[Round "4.40"]
[White "Vorobiov, Evgeny E"]
[Black "Soltanici, Ruslan"]
[Result "1-0"]
[WhiteElo "2591"]
[BlackElo "2400"]
[Annotator ""]
[Source ""]
[Remark ""]

1.e4 e5 2.Nf3 Nc6 3.Bc4 Nf6 4.Ng5 d5 5.exd5 Na5 6.Bb5+ c6 7.dxc6
bxc6 8.Qf3 Qb6 9.Bd3 Be7 10.Nc3 O-O 11.O-O g6 12.Qe2 Qc7 13.Re1
Nd7 14.Nf3 Bd6 15.Ne4 Be7 16.Nc3 Bd6 17.b3 Nc5 18.Bb2 Re8 19.Ne4
Nxe4 20.Qxe4 f6 21.Bc3 Nb7 22.Bc4+ Kg7 23.d4 Bf5 24.Qh4 e4 25.d5
Rf8 26.Nd4 Be5 27.dxc6 Nd6 28.Bd5 Rad8 29.Rad1 Rfe8 30.Bd2 Kh8
31.Bf4 g5 32.Bxe5 fxe5 33.Qxg5 exd4 34.Rxd4 Nb5 35.Rd2 Bg6 36.c4
Nd6 37.Qf6+ Qg7 38.Qxg7+ Kxg7 39.c7 Rc8 40.Bc6 1-0

[Event "Moscow Open 2009 A"]
[Site ""]
[Date "2009.02.03"]
[Round "4.41"]
[White "Iordachescu, Viorel"]
[Black "Reshetnikov, Alexey"]
[Result "1-0"]
[WhiteElo "2584"]
[BlackElo "2397"]
[Annotator ""]
[Source ""]
[Remark ""]

1.e4 c5 2.Nf3 e6 3.Nc3 a6 4.d4 cxd4 5.Nxd4 Nc6 6.g4 Nxd4 7.Qxd4
b5 8.Bf4 Ne7 9.O-O-O Bb7 10.Kb1 Nc6 11.Qd2 Be7 12.h4 Rc8 13.Rh3
Na5 14.g5 O-O 15.a3 f6 16.gxf6 Bxf6 17.Bd6 Rf7 18.h5 Nc4 19.Bxc4
Rxc4 20.f3 Rd4 21.Qh2 Rxd1+ 22.Nxd1 Qb6 23.Be5 h6 24.Bxf6 Rxf6 1-0

[Event "Moscow Open 2009 A"]
[Site ""]
[Date "2009.02.03"]
[Round "4.42"]
[White "Moiseev, Gumar"]
[Black "Yemelin, Vasily"]
[Result "0-1"]
[WhiteElo "2380"]
[BlackElo "2578"]
[Annotator ""]
[Source ""]
[Remark ""]

1.e4 c5 2.Nf3 e6 3.c3 d5 4.exd5 Qxd5 5.d4 Nf6 6.Be2 Nc6 7.O-O
cxd4 8.cxd4 Be7 9.Nc3 Qd8 10.Be3 O-O 11.Rc1 Nb4 12.Ne5 Bd7 13.Bf3
Bc6 14.Nxc6 bxc6 15.Qa4 Rb8 16.Rcd1 Nbd5 17.Bc1 Qb6 18.a3 Rfd8
19.Qc2 Nxc3 20.bxc3 c5 21.Bf4 Bd6 22.Rb1 Qc7 23.Rxb8 Rxb8 24.Bxd6
Qxd6 25.dxc5 Qxc5 26.Qa4 Rb2 27.h3 g5 28.c4 Kg7 29.Qa6 Rc2 30.Qb5
Rxc4 0-1

[Event "Moscow Open 2009 A"]
[Site ""]
[Date "2009.02.03"]
[Round "4.43"]
[White "Chuprov, Dmitry"]
[Black "Nyudleev, Dolgan"]
[Result "1-0"]
[WhiteElo "2571"]
[BlackElo "2397"]
[Annotator ""]
[Source ""]
[Remark ""]

1.e4 e5 2.Bc4 d6 3.Nf3 Be7 4.d4 exd4 5.Nxd4 Nf6 6.Nc3 O-O 7.O-O
Nxe4 8.Nxe4 d5 9.Bd3 dxe4 10.Bxe4 Bf6 11.Be3 Nd7 12.c3 Re8 13.Qc2
Nf8 14.Rfe1 c6 15.Rad1 Qc7 16.h3 Ng6 17.Nb3 Be6 18.Nc5 b6 19.Na6
Qc8 20.Nb4 c5 21.Nd5 Bxd5 22.Bxd5 Rb8 23.Qa4 Qc7 24.Bf4 Be5 25.Bxe5
Rxe5 26.Rxe5 Nxe5 27.Re1 c4 28.Qb5 a6 29.Qxa6 Nd3 30.Re3 b5 31.Qxb5 1-0

[Event "Moscow Open 2009 A"]
[Site ""]
[Date "2009.02.03"]
[Round "4.44"]
[White "Grigoriants, Sergey"]
[Black "Yuferov, Sergey N"]
[Result "1/2-1/2"]
[WhiteElo "2565"]
[BlackElo "2392"]
[Annotator ""]
[Source ""]
[Remark ""]

1.e4 e5 2.Nf3 Nf6 3.Nxe5 d6 4.Nf3 Nxe4 5.d4 d5 6.Bd3 Nc6 7.O-O
Be7 8.c4 Nb4 9.Be2 O-O 10.Nc3 Bf5 11.a3 Nxc3 12.bxc3 Nc6 13.Re1
Re8 14.cxd5 Qxd5 15.Bf4 Rac8 16.h3 Be4 17.Bd3 Bxf3 18.Qxf3 Qxf3
19.gxf3 Bd6 20.Be3 Na5 21.c4 c6 22.Rab1 Rb8 23.Bd2 Rxe1+ 24.Bxe1
Bc7 25.Bb4 g6 26.Bf1 b6 1/2-1/2

[Event "Moscow Open 2009 A"]
[Site ""]
[Date "2009.02.03"]
[Round "4.45"]
[White "Ozolin, Maxim"]
[Black "Iljushin, Alexei"]
[Result "1/2-1/2"]
[WhiteElo "2377"]
[BlackElo "2564"]
[Annotator ""]
[Source ""]
[Remark ""]

1.e4 c5 2.Nf3 Nc6 3.d4 cxd4 4.Nxd4 Nf6 5.Nc3 d6 6.Bc4 e5 7.Nde2
Be7 8.Bg5 O-O 9.Bxf6 Bxf6 10.O-O Be6 11.Nd5 Bg5 12.Bb3 Kh8 13.Qd3
f5 14.exf5 Bxf5 15.Qb5 Na5 16.Ng3 Bg6 17.Qe2 Bf4 18.c3 Bxg3 19.hxg3
Nxb3 20.axb3 a6 21.Qe3 Rc8 22.c4 h6 23.Rfd1 Bf7 24.Nc3 Rc6 25.Rd2
Qb8 26.Rad1 b5 27.Ne4 bxc4 28.Nxd6 Bh5 29.g4 Bxg4 30.f3 Be6 31.Qxe5
c3 32.bxc3 Qxb3 33.Ne4 Bf5 34.Rd6 Bxe4 35.fxe4 Qb6+ 36.R1d4 Rf6
37.Qe8+ Kh7 38.Qxc6 Qxc6 39.Rxc6 Rxc6 1/2-1/2

[Event "Moscow Open 2009 A"]
[Site ""]
[Date "2009.02.03"]
[Round "4.46"]
[White "Safarli, Eltaj"]
[Black "Chudinovskikh, Alexander M"]
[Result "1-0"]
[WhiteElo "2564"]
[BlackElo "2379"]
[Annotator ""]
[Source ""]
[Remark ""]

1.e4 e5 2.Nf3 Nc6 3.Bb5 a6 4.Ba4 Nf6 5.Qe2 d6 6.c3 Be7 7.O-O
O-O 8.Rd1 Bd7 9.Bb3 Na5 10.Bc2 c5 11.d4 Bb5 12.Qe1 Qc7 13.d5
Nh5 14.b3 b6 15.Be3 Nb7 16.Nbd2 Nd8 17.a4 Be8 18.Nc4 f6 19.Qe2
Nf4 20.Qd2 g5 21.Ne1 Kh8 22.Nd3 Nf7 23.g3 Rg8 24.Kh1 Nxd3 25.Bxd3
Bd7 26.a5 bxa5 27.Nxa5 Nh6 28.Nc6 Bxc6 29.dxc6 Qxc6 30.f3 Ra7
31.Bc4 Rf8 32.b4 Qc7 33.Rxa6 Rxa6 34.Bxa6 1-0

[Event "Moscow Open 2009 A"]
[Site ""]
[Date "2009.02.03"]
[Round "4.47"]
[White "Matinian, Nikita"]
[Black "Kharitonov, Andrei V"]
[Result "1-0"]
[WhiteElo "2361"]
[BlackElo "2563"]
[Annotator ""]
[Source ""]
[Remark ""]

1.e4 e5 2.Nf3 Nc6 3.Bb5 a6 4.Ba4 d6 5.O-O Bd7 6.Bxc6 Bxc6 7.d4
f6 8.Nc3 g6 9.Ne1 Nh6 10.f4 exf4 11.Nd3 Bg7 12.Nxf4 Bd7 13.e5
Bg4 14.exf6 Qxf6 15.Qe1+ Kd7 16.Nfd5 Qxd4+ 17.Be3 Rae8 18.Bxd4
Bxd4+ 1-0